[Event "56th Rubinstein Memorial C 2020"]
[Site "Polanica Zdroj"]
[Date "2020.08.22"]
[Round "8.4"]
[White "Kozlowski, Pawel"]
[Black "Lewandrowski, Tomasz"]
[Result "1/2-1/2"]
[WhiteElo "1913"]
[BlackElo "1879"]
[Annotator "TA"]
[PlyCount "115"]
[EventDate "2020.08.15"]
[EventType "swiss"]
[EventCountry "POL"]
[SourceTitle "playchess.com"]
[Source "ChessBase"]
[SourceQuality "1"]

{[%evp 9,115,-14,20,17,26,32,67,35,29,4,5,-8,-7,-39,-42,-51,42,-39,-45,-44,-29,-34,-40,-104,-89,-150,-115,-192,-209,-198,-192,-188,-189,-244,-229,-208,-143,-149,-115,-121,-111,-172,-177,-197,-176,-220,-215,-206,-166,-167,-163,-166,-168,-172,-155,-158,-158,-152,-118,-111,-112,-114,-115,-160,-123,-122,-122,-143,-130,-130,-122,-122,-100,-100,-97,-100,-84,-81,-65,-145,-145,-155,-109,-109,-109,-109,-109,-109,-109,-109,-109,-190,-191,-286,-272,-380,-313,-315,-109,-109,-109,-109,-109,-109,-109,-109,-109,-109]} 1. e4 e5 2. Nf3 Nc6 3. c3 d5 4. Qa4 Qd6 5. Bb5 Bd7 6. exd5 {C44: Ponziani Opening and Scotch Gambit.} Qxd5 7. d3 Bc5 8. Nbd2 {White is slightly better.} Nf6 {[#]} 9. Bc4 $146 ({Predecessor:} 9. O-O O-O 10. b4 Be7 11. Bc4 Nd4 12. Qd1 Nxf3+ 13. Nxf3 Qd6 14. Qe2 a5 15. b5 {1-0 (26) Sadowski,M (1899)-Niewold,J (1697) IECG email 2005}) 9... Qd6 10. Ng5 O-O 11. Nde4 Nxe4 12. Nxe4 Nd8 (12... Qg6 $1 $15 13. O-O (13. Nxc5 Qxg2 14. Nxd7 Qxh1+ 15. Ke2 Rfe8 $15) 13... Be7) 13. Bb5 {[#]} (13. Qd1 $14 Qc6 14. a4) 13... Bxf2+ $1 $15 {[%mdl 512]} 14. Nxf2 (14. Kxf2 Qb6+) 14... c6 15. Bc4 b5 16. Bxb5 (16. Bxf7+ $15 Rxf7 17. Qc2) 16... cxb5 $17 17. Qh4 ({White should try} 17. Qb4 Qxb4 18. cxb4) 17... Bc6 18. Qg3 (18. O-O $17) 18... f5 $19 19. Bd2 a5 20. h4 Ne6 {[%cal Bd8e6,Be6c5,Bc5d3,Bd3f2][%mdl 32]} 21. O-O (21. O-O-O {was necessary.}) 21... f4 22. Qh3 f3 23. g3 Bd7 24. Qh2 Nc5 25. d4 (25. Be3 $17) 25... exd4 26. cxd4 Qxd4 27. Bc3 Qc4 28. Rac1 {[#] aiming for Bxg7!} Nd3 29. Rcd1 Bf5 {And now ...b4 would win.} 30. g4 Nxf2 31. Rd4 Nxg4 32. Rxc4 Nxh2 33. Rc7 Rf7 ({Inferior is} 33... b4 34. Rxg7+ Kh8 35. Bd4 $11) 34. Rxf7 Kxf7 35. Kxh2 $17 {[%mdl 4096] Endgame KRB-KRB} Be4 36. Rd1 Ra7 37. Kg3 Ke6 38. a3 a4 39. Kf4 Bd5 40. Re1+ Kd6 41. Be5+ Kd7 42. Bxg7 Rc7 43. Rd1 Ke6 44. Bd4 (44. Re1+ $1 $15 Kf7 45. Bd4) 44... Rc2 45. Rf1 Rh2 46. Bf2 Rg2 47. Re1+ Kd6 48. Ke3 h5 49. Rg1 Ke5 50. Re1 (50. Rc1 $17 {keeps fighting.}) 50... Rg4 $19 51. Rg1 (51. Kd2+ {was worth a try.} Kf4 52. Re8) 51... Re4+ 52. Kd3 Bc4+ 53. Kc3 Re2 $2 (53... Kf4 $19 {and Black stays clearly on top.} 54. Rg5 Re7 55. Rxh5 Re2) 54. Re1 $17 {Black is better.} Rxe1 55. Bxe1 Kf4 {White must now prevent ...Ke3.} 56. Bf2 Kg4 57. Kd2 Kh3 58. Ke1 {Accuracy: White = 61%, Black = 76%.} 1/2-1/2

[Event "56th Rubinstein Memorial C 2020"]
[Site "Polanica Zdroj"]
[Date "2020.08.22"]
[Round "8.5"]
[White "Komendecki, Antoni"]
[Black "Mazalon, Mariusz"]
[Result "1/2-1/2"]
[WhiteElo "1631"]
[BlackElo "1980"]
[Annotator "TA"]
[PlyCount "68"]
[EventDate "2020.08.15"]
[EventType "swiss"]
[EventCountry "POL"]
[SourceTitle "playchess.com"]
[Source "ChessBase"]
[SourceQuality "1"]

{[%evp 19,68,8,13,6,44,-63,-50,-52,0,-63,-70,-68,-43,-65,-57,-66,-38,-29,-36,-106,-106,-110,0,-26,-27,-16,0,-1,0,-82,-4,-9,0,0,102,0,0,0,0,0,0,0,0,-50,0,0,0,0,6,4,178]} 1. e4 g6 2. d4 Bg7 3. Nf3 c6 4. c4 d6 5. Nc3 Nf6 6. h3 a6 7. a4 a5 8. Be3 Na6 9. Be2 O-O 10. O-O Nd7 11. Qd2 {E91: King's Indian: Classical: 6 Be2, unusual replies including 6...c5 and 6...Bg4.} e5 12. dxe5 (12. Rad1 $14) 12... dxe5 $15 13. Rad1 {Black is slightly better.} Re8 {[#]} (13... Qc7 $15) 14. Ne1 $146 ({Better is} 14. Ng5 $11) ({Predecessor:} 14. Qc2 Qe7 15. Rfe1 Ndc5 16. Bf1 Nb4 17. Qb1 h6 18. b3 Kh7 19. Re2 Bf8 20. Red2 {½-½ (57) Primel,D (1898)-Crouan,S (2192) Fontenay le Comte 2017}) 14... Qe7 $1 15. Nd3 Bf8 16. f4 exf4 17. Bxf4 Ndc5 18. Nxc5 Nxc5 19. Bf3 ({White should play} 19. Qe3 $15) 19... Be6 $17 20. Qe3 b6 (20... Bxc4 21. Bd6 $14) (20... Rad8 $17 21. Be2 Rxd1 22. Rxd1 Rd8) 21. Be2 f6 22. Bd6 Qf7 23. Qf3 Bxc4 24. e5 (24. Qxf6 Qxf6 25. Bxc4+ Kg7 $17) (24. Bxc4 $11 {remains equal.} Qxc4 {[%mdl 64] Double Attack} 25. e5 (25. Qxf6 Bg7 $17) 25... Bxd6 26. Rxd6 {[%mdl 64] Double Attack} fxe5 27. Qxc6) 24... Bxe2 (24... Bb3 $17 25. Qxc6 Bxd1 26. Rxd1 fxe5 27. Qxb6 Bxd6 28. Rxd6 Rec8) 25. Nxe2 $11 f5 ({But not} 25... Nxa4 26. Bxf8 Rxf8 27. Qxc6 $14) 26. Qxc6 Nd7 {[#]} (26... Rac8 $11 27. Qb5 Bg7) 27. Rfe1 ({White must play} 27. Nf4 $1 $16 {And now e6 would win.} Rac8 28. Qxc8 Rxc8 29. e6 {[%mdl 64] Double Attack}) 27... Rac8 28. Qb5 Nxe5 {[%cal Bd7e5,Be5c4,Bc4e3][%mdl 32]} 29. Bxf8 ({Don't go for} 29. Bxe5 $2 Rc5 $19) 29... Qxf8 30. Qxb6 Nc4 31. Qd4 Qc5 (31... Ne3 $5 {[%cal Rc8d8]} 32. Rd2 Qe7 $15) 32. b3 {The position is equal.} Ne3 33. Nf4 Qxd4 ({Of course not} 33... Nxd1 $6 34. Rxe8+ Kf7 35. Qxc5 $16) 34. Rxd4 g5 $2 {Accuracy: White = 60%, Black = 68%.} (34... Re7 $11) 1/2-1/2

[Event "56th Rubinstein Memorial C 2020"]
[Site "Polanica Zdroj"]
[Date "2020.08.22"]
[Round "8.6"]
[White "Walkusz, Witoslaw"]
[Black "Bartlomowicz, Jakub"]
[Result "1-0"]
[WhiteElo "2092"]
[BlackElo "1613"]
[Annotator "TA"]
[PlyCount "61"]
[EventDate "2020.08.15"]
[EventType "swiss"]
[EventCountry "POL"]
[SourceTitle "playchess.com"]
[Source "ChessBase"]
[SourceQuality "1"]

{[%evp 9,61,28,33,29,29,32,25,-8,-16,-21,-12,-17,-31,-27,-6,-67,0,-20,8,9,36,37,47,34,92,85,85,86,118,120,125,43,52,15,68,27,26,29,37,13,29,0,0,0,0,0,0,0,174,-5,29990,0,177,11]} 1. e4 e5 2. Nf3 Nc6 3. Bb5 a6 4. Bxc6 dxc6 5. O-O Qf6 6. d4 {C68: Ruy Lopez: Exchange Variation, sidelines.} exd4 7. Bg5 Qd6 8. e5 {White has an edge.} Qg6 9. Qxd4 {[%csl Gg5][%cal Rd4d8]} Be7 10. Bxe7 Nxe7 11. Nc3 O-O 12. Rfe1 {[#]} (12. Rad1 $11) 12... b6 $146 ({Predecessor:} 12... Bg4 13. Nh4 Qg5 14. g3 Nf5 15. Nxf5 Qxf5 16. Qb4 Rad8 17. Re4 h5 18. Rae1 b6 {½-½ (26) Krause,N (1896)-Herzog,K (1850) GER email 2012}) 13. Nh4 Qe6 14. Rad1 Nf5 15. Nxf5 Qxf5 16. Qd8 $36 {[%mdl 2048] White is more active.} Qxc2 ({Black should try} 16... Qg6 $14 17. Qxc7 Bh3) 17. Rd2 $16 Qg6 18. Qxc7 Bh3 {[%csl Gh3][%cal Rg6g2]} 19. f4 b5 20. Re3 ({White should play} 20. Ne4 $16) 20... Bf5 $14 21. Rg3 Rfc8 (21... Qe6 $11) 22. Qb6 Qe6 23. Rd6 Qc4 24. Qe3 Rd8 $1 25. b3 Qb4 26. Rxc6 Rd3 27. Qf2 {And now Rxd3 would win.} Rad8 {aiming for ...Rd1+!} 28. Rxd3 Bxd3 $2 {[#]} (28... Rxd3 $11 {and Black stays safe.} 29. h3 h6) 29. Rd6 $2 (29. Qb6 $1 $18 Ra8 30. Rd6) 29... Bf5 $2 {[%mdl 8192]} (29... Rxd6 $11 30. exd6 Qxd6) 30. Rc6 $2 (30. Rxd8+ {mates} Qf8 31. Qb6 f6 32. e6 h5 33. Rxf8+ Kh7 34. Qd8 Bxe6 35. Qe8 $1 {[%mdl 576] Double Attack} g5 36. Qxe6 h4 37. Qxf6 gxf4 38. Rh8#) 30... Bd3 $2 {[#]} (30... h6 $11) 31. f5 $2 {[%mdl 32768] Accuracy: White = 53%, Black = 51%. . Loss on time!?} (31. Qb6 $1 $18 {[%cal Rb6d8]} Ra8 32. Rd6) 1-0

[Event "56th Rubinstein Memorial C 2020"]
[Site "Polanica Zdroj"]
[Date "2020.08.22"]
[Round "8.7"]
[White "Raclawicki, Kacper"]
[Black "Iwanczuk, Krzysztof"]
[Result "0-1"]
[WhiteElo "1879"]
[BlackElo "1929"]
[Annotator "TA"]
[PlyCount "46"]
[EventDate "2020.08.15"]
[EventType "swiss"]
[EventCountry "POL"]
[SourceTitle "playchess.com"]
[Source "ChessBase"]
[SourceQuality "1"]

{[%evp 9,46,0,2,7,3,-4,0,0,22,18,21,23,26,6,32,27,41,15,18,15,10,20,15,19,31,58,18,26,16,0,0,-171,-150,-199,-29,-1066,-1044,-29999,-2176]} 1. d4 Nf6 2. Bf4 d5 3. e3 c5 4. Nc3 cxd4 5. exd4 a6 6. Nf3 {B13: Caro-Kann: Exchange Variation and Panov-Botvinnik Attack.} Bg4 7. h3 Bxf3 8. Qxf3 {The position is equal.} Nc6 9. O-O-O e6 10. g4 Bd6 11. g5 {[#]} Ne4 $146 ({Predecessor:} 11... Bxf4+ 12. Qxf4 Nh5 13. Qe3 Qd6 14. Ne2 Rc8 15. Kb1 Na5 16. Ng3 Nxg3 17. fxg3 h6 18. gxh6 Rxh6 19. g4 Rf6 20. g5 Rf4 21. Bd3 Nc4 22. Bxc4 Rxc4 23. g6 {½-½ (23) Lizak,P (2446)-Horvath,C (2510) Arco 2018}) 12. Nxe4 dxe4 13. Qxe4 {next Bxd6 is good for White.} Bxf4+ 14. Qxf4 Qd5 {[%mdl 64] [#] Double Attack} 15. Bd3 Qxa2 16. c3 O-O 17. Qe4 {[%csl Gd3][%cal Re4h7]} g6 18. h4 Na5 $1 19. h5 {[%cal Rh5g6]} Rac8 {Strongly threatening ...Nb3+.} 20. hxg6 $2 (20. Kc2 $1 $11) 20... fxg6 $19 {( -> ...Rxc3+!)} 21. f4 {[#]} Rf7 $2 ({Black should try} 21... Rxc3+ $1 $19 {[%mdl 512]} 22. Kd2 (22. bxc3 Nb3#) 22... Rc7) 22. Bc2 $2 {[%mdl 8192]} (22. Kc2 $11) 22... Nc4 {[%csl Gc4][%cal Ra2b2]} 23. Qe5 Nxe5 {Accuracy: White = 59%, Black = 73%.} (23... Qxb2# $142) 0-1

[Event "56th Rubinstein Memorial C 2020"]
[Site "Polanica Zdroj"]
[Date "2020.08.22"]
[Round "8.8"]
[White "Halhoul, Adam"]
[Black "Demski, Michal"]
[Result "0-1"]
[WhiteElo "1579"]
[BlackElo "1617"]
[Annotator "NA RC"]
[PlyCount "62"]
[EventDate "2020.08.15"]
[EventType "swiss"]
[EventCountry "POL"]
[SourceTitle "playchess.com"]
[Source "ChessBase"]
[SourceQuality "1"]
[TimeControl "40/5400+30:1800+30"]

1. d4 {[%emt 0:00:00]} d6 {[%emt 0:00:00]} 2. Nf3 {[%emt 0:00:10]} Bg4 {[%emt 0:00:00]} 3. e4 {[%emt 0:00:20]} Nf6 {[%emt 0:00:31]} 4. Nc3 {[%emt 0:00:37]} Nbd7 {[%emt 0:01:26]} 5. h3 {[%emt 0:00:15]} Bxf3 {[%emt 0:00:53]} 6. Qxf3 {[%emt 0:01:30]} e5 {[%emt 0:04:21]} 7. d5 {[%emt 0:01:14]} Be7 {[%emt 0:05:49]} 8. g4 {[%emt 0:02:52]} h6 {[%emt 0:10:09]} 9. h4 {[%emt 0:03:55]} Nh7 {[%emt 0:08:33]} 10. g5 {[%emt 0:07:03]} hxg5 {[%emt 0:04:13]} 11. hxg5 {[%emt 0:00:12]} Bxg5 {[%emt 0:08:27]} 12. Bxg5 {[%emt 0:02:08]} Qxg5 {[%emt 0:02:35]} 13. Rh5 {[%emt 0:02:17]} Qg6 {[%emt 0:10:08]} 14. O-O-O {[%emt 0:08:52]} Ke7 {[%emt 0:11:26]} 15. Qh1 {[%emt 0:03:56]} Ndf6 {[%emt 0:02:23]} 16. Rh2 {[%emt 0:01:11]} Ng4 17. Rh5 Nxf2 {[%emt 0:07:05]} 18. Qh4+ {[%emt 0:05:11]} Qf6 {[%emt 0:00:06]} 19. Rd2 {[%emt 0:02:30]} Ng4 20. Qxg4 {[%emt 0:01:40]} Qxf1+ {[%emt 0:01:21]} 21. Rd1 {[%emt 0:00:30]} Qf4+ {[%emt 0:00:08]} 22. Qxf4 {[%emt 0:00:29]} exf4 {[%emt 0:00:05]} 23. Rdh1 {[%emt 0:00:40]} Rag8 {[%emt 0:06:45]} 24. Rxh7 {[%emt 0:02:49]} Rxh7 {[%emt 0:00:05]} 25. Rh4 Rh6 26. Rxh6 {[%emt 0:04:01]} g5 {[%emt 0:06:32]} 27. Kd2 {[%emt 0:02:14]} g4 {[%emt 0:02:41]} 28. Ke2 {[%emt 0:01:19]} Re8 {[%emt 0:00:26]} 29. Kf2 {[%emt 0:09:23]} c6 {[%emt 0:04:24]} 30. dxc6 {[%emt 0:07:23]} bxc6 {[%emt 0:00:05]} 31. a4 {[%emt 0:02:25]} a5 {[%emt 0:04:00]} 0-1

[Event "56th Rubinstein Memorial C 2020"]
[Site "Polanica Zdroj"]
[Date "2020.08.22"]
[Round "8.9"]
[White "Ciborowski, Konrad Jr"]
[Black "Lambrecht, Tomasz"]
[Result "0-1"]
[WhiteElo "1464"]
[BlackElo "1750"]
[Annotator "NA RC"]
[PlyCount "120"]
[EventDate "2020.08.15"]
[EventType "swiss"]
[EventCountry "POL"]
[SourceTitle "playchess.com"]
[Source "ChessBase"]
[SourceQuality "1"]
[TimeControl "40/5400+30:1800+30"]

1. e4 {[%emt 0:00:00]} c6 {[%emt 0:00:00]} 2. Nc3 {[%emt 0:00:00]} d5 {[%emt 0:00:07]} 3. Nf3 {[%emt 0:00:00]} Bg4 {[%emt 0:00:05]} 4. h3 {[%emt 0:00:00]} Bxf3 {[%emt 0:00:02]} 5. Qxf3 {[%emt 0:00:00]} Nf6 {[%emt 0:00:08]} 6. d3 {[%emt 0:00:20]} e6 {[%emt 0:00:57]} 7. Bd2 {[%emt 0:00:22]} Bb4 {[%emt 0:04:52]} 8. O-O-O {[%emt 0:01:56]} d4 {[%emt 0:08:40]} 9. Ne2 {[%emt 0:01:20]} Bxd2+ {[%emt 0:01:05]} 10. Rxd2 {[%emt 0:00:20]} c5 {[%emt 0:09:51]} 11. c4 {[%emt 0:02:52]} Nc6 {[%emt 0:15:52]} 12. g4 {[%emt 0:01:24]} Nd7 {[%emt 0:09:30]} 13. Qg3 {[%emt 0:01:48]} e5 {[%emt 0:01:33]} 14. f4 {[%emt 0:04:25]} f6 {[%emt 0:02:12]} 15. g5 {[%emt 0:01:27]} fxg5 {[%emt 0:08:58]} 16. Qxg5 {[%emt 0:00:59]} Qxg5 {[%emt 0:01:44]} 17. fxg5 {[%emt 0:00:04]} Nf8 {[%emt 0:05:29]} 18. h4 {[%emt 0:01:03]} Ne6 {[%emt 0:02:45]} 19. Bh3 {[%emt 0:00:05]} Ke7 {[%emt 0:01:11]} 20. Bxe6 {[%emt 0:05:17]} Kxe6 {[%emt 0:00:01]} 21. Rg1 {[%emt 0:06:19]} g6 {[%emt 0:06:01]} 22. a3 {[%emt 0:08:22]} Raf8 {[%emt 0:00:55]} 23. h5 {[%emt 0:01:24]} Rf3 {[%emt 0:02:22]} 24. Rh1 {[%emt 0:00:07]} Rhf8 {[%emt 0:01:42]} 25. hxg6 {[%emt 0:01:27]} hxg6 {[%emt 0:00:01]} 26. Rdd1 {[%emt 0:01:33]} Re3 {[%emt 0:02:42]} 27. Rh2 {[%emt 0:01:06]} Rff3 {[%emt 0:02:26]} 28. Kc2 {[%emt 0:00:06]} a6 {[%emt 0:02:51]} 29. Rd2 {[%emt 0:00:10]} Ne7 {[%emt 0:07:30]} 30. Rh8 {[%emt 0:01:22]} Kd7 {[%emt 0:02:51]} 31. Rb8 {[%emt 0:00:38]} Kc7 {[%emt 0:00:09]} 32. Re8 {[%emt 0:00:12]} Kd7 {[%emt 0:00:27]} 33. Rb8 {[%emt 0:00:06]} Kc7 {[%emt 0:00:44]} 34. Re8 {[%emt 0:00:07]} Rf7 {[%emt 0:00:32]} 35. Rh8 {[%emt 0:01:24]} Ref3 {[%emt 0:00:37]} 36. Rd1 {[%emt 0:00:37]} Re3 {[%emt 0:00:26]} 37. Rd2 {[%emt 0:00:13]} Nc6 {[%emt 0:00:36]} 38. Rg8 {[%emt 0:00:23]} Ne7 {[%emt 0:00:06]} 39. Rh8 {[%emt 0:00:05]} Rf1 {[%emt 0:00:51]} 40. Re8 {[%emt 0:00:00]} Kd7 {[%emt 0:00:00]} 41. Rb8 {[%emt 0:00:32]} Kc6 {[%emt 0:12:00]} 42. Re8 {[%emt 0:00:15]} Rf7 {[%emt 0:02:00]} 43. Rh8 {[%emt 0:00:08]} Ref3 {[%emt 0:02:49]} 44. Rd1 {[%emt 0:00:52]} Rf2 {[%emt 0:01:33]} 45. Kd2 {[%emt 0:00:05]} Rg2 {[%emt 0:01:21]} 46. Rg1 {[%emt 0:00:03]} Rff2 {[%emt 0:01:06]} 47. Rxg2 {[%emt 0:00:08]} Rxg2 {[%emt 0:00:01]} 48. Re8 {[%emt 0:00:06]} Kd7 {[%emt 0:00:34]} 49. Rb8 {[%emt 0:00:03]} Kc7 {[%emt 0:00:41]} 50. Re8 {[%emt 0:00:26]} Nc6 {[%emt 0:01:32]} 51. Ke1 {[%emt 0:01:38]} Rxg5 52. Kf2 Rh5 {[%emt 0:01:44]} 53. Rg8 {[%emt 0:00:47]} Rh1 {[%emt 0:02:58]} 54. Rxg6 {[%emt 0:01:49]} Rb1 {[%emt 0:00:12]} 55. b4 {[%emt 0:00:06]} cxb4 {[%emt 0:00:10]} 56. axb4 {[%emt 0:00:03]} Nxb4 {[%emt 0:00:28]} 57. Rg3 {[%emt 0:01:03]} Rd1 {[%emt 0:04:11]} 58. Ng1 {[%emt 0:00:04]} Rxd3 {[%emt 0:00:24]} 59. Nf3 {[%emt 0:00:08]} Nc6 {[%emt 0:01:27]} 60. c5 {[%emt 0:02:30]} Rc3 {[%emt 0:01:07]} 0-1

[Event "56th Rubinstein Memorial C 2020"]
[Site "Polanica Zdroj"]
[Date "2020.08.22"]
[Round "8.10"]
[White "Rudecki, Bartosz"]
[Black "Zalega, Maciej"]
[Result "1-0"]
[WhiteElo "1831"]
[BlackElo "1743"]
[Annotator "NA RC"]
[PlyCount "45"]
[EventDate "2020.08.15"]
[EventType "swiss"]
[EventCountry "POL"]
[SourceTitle "playchess.com"]
[Source "ChessBase"]
[SourceQuality "1"]
[TimeControl "40/5400+30:1800+30"]

{[%evp 16,33,5,32767,-4,-12,22,-8,46,-6,0,0,111,105,85,-35,-5,-136,0,0]} 1. e4 {[%emt 0:00:00]} c5 {[%emt 0:00:00]} 2. Nf3 {[%emt 0:00:00]} d6 {[%emt 0:00:00]} 3. d4 {[%emt 0:00:00]} cxd4 {[%emt 0:00:00]} 4. Qxd4 {[%emt 0:00:02]} Nc6 {[%emt 0:00:48]} 5. Bb5 {[%emt 0:01:01]} Bd7 {[%emt 0:02:50]} 6. Bxc6 {[%emt 0:01:21]} Bxc6 7. Nc3 {[%emt 0:00:07]} Nf6 {[%emt 0:05:11]} 8. Bg5 {[%emt 0:03:31]} e6 {[%emt 0:05:43]} 9. O-O-O {[%emt 0:00:07]} Be7 {[%emt 0:03:23]} 10. Rhe1 {[%emt 0:00:10]} a6 {[%emt 0:06:48]} 11. Kb1 {[%emt 0:02:29]} Qc7 {[%emt 0:01:52]} 12. Nd5 {[%emt 0:05:20]} (12. Bxf6 $5 Bxf6 13. Qxd6 Qxd6 14. Rxd6 $14) 12... Bxd5 {[%emt 0:10:57]} 13. exd5 {[%emt 0:00:15]} Rc8 {[%emt 0:21:11]} (13... e5 $11 {remains equal.} 14. Qb4 h6 15. Bxf6 Bxf6) 14. c3 {[%emt 0:01:34]} e5 {[%emt 0:00:44] [#]} 15. Qh4 {[%emt 0:00:32]} (15. Nxe5 $1 $16 dxe5 16. Rxe5) 15... O-O {[%emt 0:05:16]} 16. Nxe5 {[%emt 0:08:39] [#]} (16. Qh3 $11) 16... dxe5 $2 {[%emt 0:01:13] [#]} (16... h6 $1 $19 {[%cal Rh6g5]} 17. Bxh6 Ne8) 17. d6 $11 {[%emt 0:00:37]} Bxd6 {[%emt 0:00:48]} 18. Bxf6 {[%emt 0:00:07]} gxf6 {[%emt 0:00:45]} 19. Re4 {[%emt 0:01:07]} f5 {[%emt 0:02:56]} 20. Qg5+ {[%emt 0:00:12]} Kh8 {[%emt 0:00:12]} 21. Qf6+ {[%emt 0:00:04]} Kg8 {[%emt 0:00:07]} 22. Rd3 {[%emt 0:00:15]} f4 {[%emt 0:00:45]} 23. Rg3+ {[%emt 0:00:10]} 1-0

[Event "56th Rubinstein Memorial C 2020"]
[Site "Polanica Zdroj"]
[Date "2020.08.22"]
[Round "8.11"]
[White "Witkowski, Krzysztof"]
[Black "Grot, Blazej"]
[Result "1-0"]
[WhiteElo "1791"]
[BlackElo "1768"]
[Annotator "NA RC"]
[PlyCount "103"]
[EventDate "2020.08.15"]
[EventType "swiss"]
[EventCountry "POL"]
[SourceTitle "playchess.com"]
[Source "ChessBase"]
[SourceQuality "1"]
[TimeControl "40/5400+30:1800+30"]

1. e4 {[%emt 0:00:00]} c5 {[%emt 0:00:00]} 2. d4 {[%emt 0:00:00]} cxd4 {[%emt 0:00:00]} 3. c3 {[%emt 0:00:00]} Nf6 {[%emt 0:00:00]} 4. e5 {[%emt 0:00:00]} Nd5 {[%emt 0:00:03]} 5. Qxd4 {[%emt 0:00:00]} e6 {[%emt 0:00:07]} 6. Nf3 {[%emt 0:00:06]} Nc6 {[%emt 0:00:06]} 7. Qe4 {[%emt 0:00:07]} f5 {[%emt 0:00:37]} 8. Qe2 {[%emt 0:00:11]} b5 {[%emt 0:00:24]} 9. g3 {[%emt 0:16:13]} Bb7 {[%emt 0:07:54]} 10. Bg2 {[%emt 0:00:55]} Qc7 {[%emt 0:01:42]} 11. O-O {[%emt 0:00:14]} a6 {[%emt 0:00:50]} 12. Re1 {[%emt 0:00:50]} g6 {[%emt 0:01:09]} 13. Nbd2 {[%emt 0:06:37]} Bg7 {[%emt 0:04:05]} 14. Nb3 {[%emt 0:01:39]} Nce7 {[%emt 0:03:36]} 15. Nbd4 {[%emt 0:10:48]} Nb6 {[%emt 0:03:31]} 16. Ng5 {[%emt 0:09:40]} Bxg2 {[%emt 0:01:08]} 17. Kxg2 {[%emt 0:00:04]} h6 {[%emt 0:00:11]} 18. Nh3 {[%emt 0:00:39]} O-O {[%emt 0:01:13]} 19. f4 {[%emt 0:00:30]} Ned5 {[%emt 0:02:03]} 20. Be3 {[%emt 0:09:40]} Qb7 {[%emt 0:01:19]} 21. Kg1 {[%emt 0:01:12]} Rac8 {[%emt 0:00:37]} 22. a3 {[%emt 0:03:10]} Nxe3 {[%emt 0:05:41]} 23. Qxe3 {[%emt 0:02:17]} Nd5 {[%emt 0:00:12]} 24. Qd2 {[%emt 0:02:23]} Qb6 {[%emt 0:01:04]} 25. Nf2 {[%emt 0:00:27]} Rc4 {[%emt 0:01:11]} 26. Rad1 {[%emt 0:01:08]} Rfc8 {[%emt 0:02:03]} 27. Nc2 {[%emt 0:06:29]} g5 {[%emt 0:10:26]} 28. Ne3 {[%emt 0:02:27]} gxf4 {[%emt 0:03:25]} 29. Nxd5 {[%emt 0:02:22]} exd5 {[%emt 0:00:11]} 30. Qxd5+ {[%emt 0:00:51]} Kh8 {[%emt 0:00:08]} 31. e6 {[%emt 0:01:44]} fxg3 {[%emt 0:05:17]} 32. hxg3 {[%emt 0:01:04]} dxe6 {[%emt 0:01:01]} 33. Rxe6 {[%emt 0:00:42]} Qa7 {[%emt 0:02:58]} 34. Qd7 {[%emt 0:04:20]} Qc5 {[%emt 0:02:29]} 35. Rd5 {[%emt 0:08:12]} Qf8 {[%emt 0:01:47]} 36. Rxf5 {[%emt 0:00:17]} Qxf5 {[%emt 0:01:06]} 37. Rxh6+ {[%emt 0:00:05]} Bxh6 {[%emt 0:00:24]} 38. Qxf5 {[%emt 0:00:06]} Rf8 {[%emt 0:00:22]} 39. Qe5+ {[%emt 0:01:13]} Bg7 {[%emt 0:00:19]} 40. Qh5+ {[%emt 0:00:00]} Kg8 {[%emt 0:00:00]} 41. Ne4 {[%emt 0:03:00]} Rc7 {[%emt 0:02:06]} 42. Ng5 {[%emt 0:03:53]} Rf6 {[%emt 0:00:46]} 43. Qh7+ {[%emt 0:05:07]} Kf8 {[%emt 0:00:18]} 44. Qe4 {[%emt 0:00:33]} Kg8 {[%emt 0:00:38]} 45. Qd5+ {[%emt 0:03:01]} Rcf7 {[%emt 0:00:45]} 46. Nxf7 {[%emt 0:00:32]} Rxf7 {[%emt 0:00:06]} 47. Qa8+ {[%emt 0:00:47]} Bf8 {[%emt 0:00:13]} 48. Qxa6 {[%emt 0:01:03]} Bc5+ {[%emt 0:00:12]} 49. Kg2 {[%emt 0:00:18]} Rf2+ {[%emt 0:00:05]} 50. Kh3 {[%emt 0:00:07]} Rxb2 {[%emt 0:00:05]} 51. Qg6+ {[%emt 0:00:11]} Kh8 {[%emt 0:00:06]} 52. Qh5+ {[%emt 0:00:06]} 1-0

[Event "56th Rubinstein Memorial C 2020"]
[Site "Polanica Zdroj"]
[Date "2020.08.22"]
[Round "8.12"]
[White "Borowski, Przemyslaw"]
[Black "Jaworski, Tymon"]
[Result "1-0"]
[WhiteElo "1790"]
[BlackElo "1667"]
[Annotator "NA RC"]
[PlyCount "71"]
[EventDate "2020.08.15"]
[EventType "swiss"]
[EventCountry "POL"]
[SourceTitle "playchess.com"]
[Source "ChessBase"]
[SourceQuality "1"]
[TimeControl "40/5400+30:1800+30"]

1. e4 {[%emt 0:00:00]} c5 {[%emt 0:00:00]} 2. b4 {[%emt 0:00:00]} e6 {[%emt 0:04:36]} 3. bxc5 {[%emt 0:00:00]} Bxc5 {[%emt 0:00:29]} 4. d4 {[%emt 0:00:00]} Bb6 {[%emt 0:04:11]} 5. c3 {[%emt 0:00:48]} d5 {[%emt 0:01:05]} 6. e5 {[%emt 0:00:06]} Ne7 {[%emt 0:00:45]} 7. Qg4 {[%emt 0:00:56]} Ng6 {[%emt 0:02:32]} 8. h4 {[%emt 0:00:31]} h5 {[%emt 0:02:14]} 9. Qg3 {[%emt 0:00:53]} Nd7 {[%emt 0:01:14]} 10. Bd3 {[%emt 0:00:25]} Ndf8 {[%emt 0:00:56]} 11. Nf3 {[%emt 0:03:51]} Bd7 {[%emt 0:05:24]} 12. Ng5 {[%emt 0:00:50]} Rc8 {[%emt 0:02:00]} 13. O-O {[%emt 0:07:49]} Bc7 {[%emt 0:07:44]} 14. f4 {[%emt 0:12:48]} f5 {[%emt 0:02:08]} 15. exf6 {[%emt 0:05:23]} Qxf6 {[%emt 0:03:30]} 16. Qe1 {[%emt 0:00:47]} Ne7 {[%emt 0:03:22]} 17. a4 {[%emt 0:24:01]} Ba5 {[%emt 0:02:10]} 18. Bd2 {[%emt 0:02:06]} a6 {[%emt 0:03:14]} 19. Ra2 {[%emt 0:05:13]} Nf5 {[%emt 0:07:34]} 20. Rb2 {[%emt 0:03:57]} Rc7 {[%emt 0:02:25]} 21. Bxf5 {[%emt 0:09:21]} Qxf5 {[%emt 0:00:25]} 22. Rf2 {[%emt 0:00:25]} Ng6 {[%emt 0:19:14]} 23. Re2 {[%emt 0:01:02]} Ke7 {[%emt 0:01:51]} 24. g3 {[%emt 0:06:48]} Re8 {[%emt 0:04:53]} 25. c4 {[%emt 0:03:25]} Bxd2 {[%emt 0:01:01]} 26. Nxd2 {[%emt 0:00:21]} dxc4 {[%emt 0:02:55]} 27. Nde4 {[%emt 0:01:25]} c3 {[%emt 0:00:59]} 28. Rbc2 {[%emt 0:01:51]} Qd5 {[%emt 0:02:02]} 29. Qf2 {[%emt 0:00:51]} Kf8 {[%emt 0:04:30]} 30. Nxc3 {[%emt 0:01:08]} Qa5 {[%emt 0:07:29]} 31. Qf3 {[%emt 0:02:10]} Bxa4 {[%emt 0:01:48]} 32. Qxh5 {[%emt 0:03:49]} Bxc2 {[%emt 0:00:40]} 33. Nh7+ {[%emt 0:00:26]} Kf7 {[%emt 0:00:34]} 34. Qxa5 {[%emt 0:00:07]} Rc6 {[%emt 0:00:33]} 35. Ng5+ {[%emt 0:01:19]} Kf6 {[%emt 0:00:30]} 36. Rxc2 {[%emt 0:00:13]} 1-0